000
00320nam a2200133Ia 4500
008
240624s9999 xx 000 0 und d
041
_a
eng
082
_a
342.954 BAK
100
_a
BAKSHI P M
245
_a
CONSTITUTION OF INDIA
260
_c
2004
_a
Delhi
_b
Universal Law Publishing
300
_a
xciv, : 438
365
_c
RS
999
_c
2369
_d
2369